<?xml version="1.0" encoding="UTF-8"?>
<record
    xmlns:xsi="http://www.w3.org/2001/XMLSchema-instance"
    xsi:schemaLocation="http://www.loc.gov/MARC21/slim http://www.loc.gov/standards/marcxml/schema/MARC21slim.xsd"
    xmlns="http://www.loc.gov/MARC21/slim">

  <leader>00895nam a22002175i 4500</leader>
  <controlfield tag="001">48622</controlfield>
  <controlfield tag="003">ES-MaACL</controlfield>
  <controlfield tag="005">20250805063239.0</controlfield>
  <controlfield tag="007">t|</controlfield>
  <controlfield tag="008">950721s1897    po           ||||1| por d</controlfield>
  <datafield tag="100" ind1="1" ind2=" ">
    <subfield code="a">Delgado, Joaquim Filipe Nery, </subfield>
    <subfield code="d">1835-1908</subfield>
    <subfield code="9">43410</subfield>
  </datafield>
  <datafield tag="245" ind1="1" ind2="0">
    <subfield code="a">Fauna silurica de Portugal </subfield>
    <subfield code="b">: novas observa&#xE7;&#xF4;es &#xE1;cerca de lichas (uralichas) ribeiroi / </subfield>
    <subfield code="c">por J.F.N. Delgado.</subfield>
  </datafield>
  <datafield tag="260" ind1=" " ind2=" ">
    <subfield code="a">Lisboa : </subfield>
    <subfield code="b">Direc&#xE7;&#xE2;o dos Trabalhos Geologicos de Portugal, </subfield>
    <subfield code="c">1897 (</subfield>
    <subfield code="f">typographia da Academia Real das Sciencias)</subfield>
  </datafield>
  <datafield tag="300" ind1=" " ind2=" ">
    <subfield code="a">34 p., IV h. de l&#xE1;m ; </subfield>
    <subfield code="c">32 cm ; </subfield>
    <subfield code="c">32 cm.</subfield>
  </datafield>
  <datafield tag="500" ind1=" " ind2=" ">
    <subfield code="a">En el interior, port. y texto paralelo en franc&#xE9;s.</subfield>
  </datafield>
  <datafield tag="650" ind1=" " ind2="4">
    <subfield code="a">Paleontolog&#xED;a-</subfield>
    <subfield code="z">Portugal.</subfield>
    <subfield code="9">167307</subfield>
  </datafield>
  <datafield tag="710" ind1="2" ind2=" ">
    <subfield code="a">Academia das Ci&#xEA;ncias de Lisboa.</subfield>
    <subfield code="9">1159</subfield>
  </datafield>
  <datafield tag="710" ind1="2" ind2=" ">
    <subfield code="a">Direc&#xE7;&#xE2;o dos Trabalhos Geologicos de Portugal.</subfield>
    <subfield code="9">3398</subfield>
  </datafield>
  <datafield tag="852" ind1=" " ind2=" ">
    <subfield code="a">ES-MaACL</subfield>
    <subfield code="j">G-6155(2)</subfield>
  </datafield>
  <datafield tag="999" ind1=" " ind2=" ">
    <subfield code="c">48622</subfield>
    <subfield code="d">48622</subfield>
  </datafield>
  <datafield tag="952" ind1=" " ind2=" ">
    <subfield code="0">0</subfield>
    <subfield code="1">0</subfield>
    <subfield code="4">0</subfield>
    <subfield code="7">0</subfield>
    <subfield code="8">LIBXIX</subfield>
    <subfield code="a">ATENEOM</subfield>
    <subfield code="b">ATENEOM</subfield>
    <subfield code="c">DEPO2</subfield>
    <subfield code="d">2008-01-17</subfield>
    <subfield code="e">SC</subfield>
    <subfield code="l">0</subfield>
    <subfield code="o">G-6155(2)</subfield>
    <subfield code="p">1051167</subfield>
    <subfield code="r">2023-02-23 00:00:00</subfield>
    <subfield code="w">2023-02-23</subfield>
    <subfield code="y">MONANT</subfield>
  </datafield>
</record>
